| 000 | 00482nam a2200145 4500 | ||
|---|---|---|---|
| 999 |
_c15921 _d15921 |
||
| 008 | 210114b ||||| |||| 00| 0 eng d | ||
| 022 | _a0732-8435 | ||
| 082 | _aDPer 657.05 C33 Sept - Mar 2015, v. 85 - 86 | ||
| 100 |
_aAnders, Susan B. _942727 |
||
| 245 |
_aFree tax research resources/ _cSusan B. Anders. |
||
| 260 |
_aNew York: _bThe New York State Society of CPA, _c©2015. |
||
| 300 |
_av86 n1, pages 72-73: _billustrations; _c28 cm. |
||
| 650 | _2Taxation. | ||
| 942 |
_2ddc _cPER |
||